[Event "OP-2014-0-03575"]
[Site "LSS email"]
[Date "2014.12.15"]
[Round "?"]
[White "Molina, Miguel"]
[Black "Siegert, Daniel"]
[Result "0-1"]
[WhiteElo "1439"]
[BlackElo "800"]
[PlyCount "66"]
[EventDate "2014.11.29"]
[EventType "tourn (corr)"]
[EventRounds "4"]
[EventCountry "GER"]
[SourceTitle "Corr 2022"]
[Source "ChessBase"]
[SourceDate "2021.10.24"]
[SourceVersion "1"]
[SourceVersionDate "2021.10.24"]
[SourceQuality "1"]

1. d4 Nf6 2. c4 g6 3. Nc3 Bg7 4. e4 d6 5. f4 0-0 6. Nf3 Nbd7 7. h3 h5 8. Be3 b6 9. e5 dxe5 10. fxe5 Ne8 11. Be2 c6 12. 0-0 Nc7 13. Rc1 a6 14. d5 c5 15. d6 exd6 16. exd6 Ne6 17. b3 Ne5 18. Nxe5 Bxe5 19. Ne4 Nd4 20. Bh6 Nxe2+ 21. Qxe2 Bd4+ 22. Nf2 Re8 23. Qf3 Bf5 24. Rfe1 Qxd6 25. Kh1 Qd7 26. Rcd1 Rxe1+ 27. Rxe1 Re8 28. Rxe8+ Qxe8 29. Bf4 Qe1+ 30. Kh2 Qxf2 31. Bg3 Qxf3 32. gxf3 Bb1 33. a3 Ba2 0-1

[Event "OP-2014-0-03584"]
[Site "LSS email"]
[Date "2014.12.13"]
[Round "?"]
[White "Garcia, Javier N"]
[Black "Molina, Miguel"]
[Result "0-1"]
[WhiteElo "747"]
[BlackElo "954"]
[PlyCount "38"]
[EventDate "2014.12.07"]
[EventType "tourn (corr)"]
[EventRounds "4"]
[EventCountry "GER"]
[SourceTitle "Corr 2015"]
[Source "ChessBase"]
[SourceDate "2015.07.17"]
[SourceVersion "1"]
[SourceVersionDate "2015.07.17"]
[SourceQuality "1"]

1. e4 Nf6 2. Nc3 d5 3. e5 Nfd7 4. d4 e6 5. Bb5 c6 6. Bd3 Be7 7. Nf3 0-0 8. 0-0 c5 9. dxc5 Nxc5 10. Be2 Nc6 11. Be3 a6 12. b4 Nd7 13. a3 Ndxe5 14. Nxe5 Nxe5 15. f4 Nc6 16. Bg4 d4 17. Bxd4 Nxd4 18. Ne2 Bf6 19. Nxd4 Bxd4+ 0-1

[Event "LSS No Engine Cup 43 Preliminary 7"]
[Site "LSS email"]
[Date "2011.05.27"]
[Round "?"]
[White "Molina, Miguel"]
[Black "Chang, Henk"]
[Result "0-1"]
[WhiteElo "953"]
[BlackElo "1008"]
[PlyCount "34"]
[EventDate "2011.05.28"]
[EventType "tourn (corr)"]
[EventRounds "6"]
[EventCountry "GER"]
[SourceTitle "Corr 2015"]
[Source "ChessBase"]
[SourceDate "2015.07.17"]
[SourceVersion "1"]
[SourceVersionDate "2015.07.17"]
[SourceQuality "1"]

1. d4 Nf6 2. c4 e6 3. Nf3 Bb4+ 4. Bd2 Qe7 5. a3 Bxd2+ 6. Qxd2 0-0 7. Nc3 d5 8. cxd5 exd5 9. e3 Bg4 10. Be2 Nbd7 11. 0-0 Nb6 12. h3 Bf5 13. Rfe1 c6 14. Nh4 Bg6 15. Nxg6 hxg6 16. b3 Rfe8 17. Bd3 Rac8 0-1

[Event "OP-2011-0-01467"]
[Site "LSS email"]
[Date "2011.03.29"]
[Round "?"]
[White "Molina, Miguel"]
[Black "Richter, Klaus"]
[Result "0-1"]
[WhiteElo "930"]
[BlackElo "1547"]
[PlyCount "58"]
[EventDate "2011.03.25"]
[EventType "tourn (corr)"]
[EventRounds "4"]
[EventCountry "GER"]
[SourceTitle "Telechess CBM 145"]
[Source "Chessbase"]
[SourceDate "2011.11.11"]
[SourceVersion "1"]
[SourceVersionDate "2011.11.11"]
[SourceQuality "1"]

1. d4 d5 2. c4 e6 3. Nc3 c6 4. Nf3 Nf6 5. Bf4 dxc4 6. e3 Nd5 7. Nxd5 cxd5 8. Be2 Bb4+ 9. Nd2 Nc6 10. a3 Bd6 11. Bxd6 Qxd6 12. 0-0 0-0 13. Nf3 Bd7 14. Rc1 f6 15. Re1 b5 16. Nd2 a5 17. Nf1 a4 18. Ng3 b4 19. axb4 Qxb4 20. Rb1 Rfb8 21. Qc2 a3 22. bxa3 Qxa3 23. Rxb8+ Rxb8 24. h3 Rb2 25. Qc1 c3 26. Bd3 Nb4 27. Bf1 c2 28. Re2 Qb3 29. e4 Na2 0-1

[Event "ZN-2011-0-01349"]
[Site "LSS email"]
[Date "2011.02.21"]
[Round "?"]
[White "Molina, Miguel"]
[Black "Kapatos, Endre"]
[Result "0-1"]
[WhiteElo "930"]
[BlackElo "958"]
[PlyCount "140"]
[EventDate "2011.02.18"]
[EventType "match (corr)"]
[EventRounds "2"]
[EventCountry "GER"]
[SourceTitle "Telechess CBM 145"]
[Source "Chessbase"]
[SourceDate "2011.11.11"]
[SourceVersion "1"]
[SourceVersionDate "2011.11.11"]
[SourceQuality "1"]

1. d4 Nc6 2. d5 Ne5 3. e4 e6 4. c4 Bb4+ 5. Bd2 Bxd2+ 6. Qxd2 exd5 7. cxd5 d6 8. Nc3 f5 9. Be2 Nf6 10. Nf3 Nxf3+ 11. Bxf3 0-0 12. 0-0 fxe4 13. Nxe4 Nxe4 14. Bxe4 Bf5 15. Rfe1 Qd7 16. f3 Rae8 17. Re2 Bxe4 18. Rxe4 Rxe4 19. fxe4 Qg4 20. Qc2 Qf4 21. Re1 Rf7 22. Qe2 Qe5 23. g3 Qd4+ 24. Kg2 Re7 25. b3 Re5 26. Qe3 Qxe3 27. Rxe3 Kf7 28. Kf3 Kf6 29. Re1 c6 30. dxc6 bxc6 31. Rd1 Ke6 32. Kf4 Rc5 33. Rd2 a5 34. Ke3 Ke5 35. h3 h5 36. h4 Rc3+ 37. Rd3 Rc2 38. a3 Rc1 39. Kd2 Rc5 40. Ke3 Rc1 41. b4 axb4 42. axb4 Rc4 43. Rb3 Rxe4+ 44. Kf3 Rc4 45. Ke3 Rg4 46. Kf3 Kd4 47. b5 cxb5 48. Rxb5 d5 49. Rb4+ Kc3 50. Rb5 Kc4 51. Rb7 Kc3 52. Rc7+ Kd3 53. Rc5 g6 54. Rxd5+ Kc4 55. Rg5 Rxg5 56. hxg5 Kd5 57. Kf4 Kd4 58. Kf3 Ke5 59. Ke3 Kf5 60. Kf3 Kxg5 61. Kg2 Kg4 62. Kf2 Kh3 63. Kf3 g5 64. Kf2 Kh2 65. Kf3 Kg1 66. g4 h4 67. Ke4 h3 68. Kf5 h2 69. Kxg5 h1Q 70. Kg6 Qc6+ 0-1

[Event "LSS ZN-2011-0-01331"]
[Site "LSS email"]
[Date "2011.02.12"]
[Round "?"]
[White "Yangibayev, N."]
[Black "Molina, Miguel"]
[Result "0-1"]
[WhiteElo "887"]
[BlackElo "1200"]
[PlyCount "36"]
[EventDate "2011.02.10"]
[EventType "match (corr)"]
[EventRounds "2"]
[EventCountry "GER"]
[SourceTitle "Corr 2024"]
[Source "ChessBase"]
[SourceDate "2023.10.19"]
[SourceVersion "1"]
[SourceVersionDate "2023.10.19"]
[SourceQuality "1"]

1. d4 Nf6 2. c4 g6 3. Nc3 Bg7 4. Bg5 0-0 5. Nf3 d6 6. e4 c6 7. Be2 Nbd7 8. 0-0 b6 9. Rc1 Bb7 10. Re1 Re8 11. Bd3 e5 12. d5 cxd5 13. cxd5 Rc8 14. Nb5 Ba6 15. Nxd6 Bxd3 16. Qxd3 Rxc1 17. Rxc1 Nc5 18. Qa6 Nxa6 0-1

[Event "SN-2011-0-00310"]
[Site "LSS email"]
[Date "2011.02.04"]
[Round "?"]
[White "Brough, Carl"]
[Black "Molina, Miguel"]
[Result "1/2-1/2"]
[WhiteElo "859"]
[BlackElo "953"]
[PlyCount "89"]
[EventDate "2011.01.20"]
[EventType "tourn (corr)"]
[EventRounds "6"]
[EventCountry "GER"]
[SourceTitle "Telechess CBM 149"]
[Source "ChessBase"]
[SourceDate "2012.07.17"]
[SourceVersion "1"]
[SourceVersionDate "2012.07.17"]
[SourceQuality "1"]

1. d4 d5 2. c4 e6 3. Nf3 Nf6 4. Ne5 c5 5. e3 cxd4 6. exd4 Be7 7. Bg5 0-0 8. Be2 dxc4 9. Bxc4 a6 10. 0-0 b5 11. Bd3 Bb7 12. Be2 Nc6 13. Nxc6 Bxc6 14. Bf3 Bxf3 15. Qxf3 Rc8 16. Nc3 Qxd4 17. Rad1 Qe5 18. Qg3 Qxg3 19. fxg3 Rfd8 20. Ne4 h6 21. Nxf6+ Bxf6 22. Bxf6 gxf6 23. Rxd8+ Rxd8 24. Rxf6 Kg7 25. Rf4 Rd2 26. Rb4 Rd5 27. g4 Kg6 28. h4 f6 29. Kf2 h5 30. Kg3 Rd3+ 31. Kf2 Rd2+ 32. Kf3 hxg4+ 33. Rxg4+ Kh5 34. Rb4 Rd3+ 35. Ke2 Rg3 36. Kf2 Rg4 37. Rxg4 Kxg4 38. g3 e5 39. b4 f5 40. Kg2 e4 41. Kf2 Kh5 42. Ke3 Kg4 43. Kf2 Kh5 44. Ke3 Kg4 45. Kf2 1/2-1/2

[Event "OP-2011-0-01393"]
[Site "LSS email"]
[Date "2011.02.02"]
[Round "?"]
[White "Lorenti, Domenico"]
[Black "Molina, Miguel"]
[Result "1-0"]
[WhiteElo "956"]
[BlackElo "930"]
[PlyCount "115"]
[EventDate "2011.01.29"]
[EventType "tourn (corr)"]
[EventRounds "4"]
[EventCountry "GER"]
[SourceTitle "Telechess CBM 145"]
[Source "Chessbase"]
[SourceDate "2011.11.11"]
[SourceVersion "1"]
[SourceVersionDate "2011.11.11"]
[SourceQuality "1"]

1. e4 Nf6 2. e5 Nd5 3. d4 d6 4. Nf3 Bg4 5. Be2 e6 6. c4 Nb6 7. 0-0 Be7 8. h3 Bf5 9. exd6 cxd6 10. Bd3 Bxd3 11. Qxd3 0-0 12. Nc3 a6 13. Be3 Nc6 14. d5 Nb4 15. Qe4 Rc8 16. a3 Rxc4 17. Bxb6 Rxe4 18. Bxd8 Rxd8 19. Nxe4 Nxd5 20. Rac1 h6 21. Nd4 Nf4 22. Rc7 d5 23. Rxe7 dxe4 24. Nb3 b6 25. Re1 f5 26. Rb7 Rd6 27. Re3 a5 28. a4 Rd1+ 29. Kh2 Nd5 30. Rb8+ Kf7 31. Rg3 Kf6 32. Rf8+ Ke7 33. Rc8 Kf6 34. Rc1 Rxc1 35. Nxc1 g5 36. Ne2 f4 37. Rb3 h5 38. h4 Nb4 39. Nc3 gxh4 40. Nxe4+ Kf5 41. Nd6+ Ke5 42. Nc4+ Kd4 43. Nxb6 Kc5 44. Nd7+ Kc4 45. Rf3 Nd5 46. b3+ Kb4 47. Kh3 Nc3 48. Rxf4+ Kxb3 49. Nc5+ Kc2 50. Nxe6 Kb3 51. Nc5+ Kc2 52. Rxh4 Nd1 53. f4 Kc3 54. f5 Nf2+ 55. Kg3 Nd1 56. f6 Ne3 57. f7 Nf5+ 58. Kh3 1-0